Statistics for Painters by Picture

Click here to take the quiz!

General Stats

  • This quiz has been taken 175 times
  • The average score is 12 of 22

Answer Stats

Answer% Correct
Leonardo Da Vinci
94%
Vincent Van Gogh
90%
Pablo Picasso
89%
Salvador Dalí
88%
Rembrandt Van Rijn
74%
Andy Warhol
73%
Claude Monet
71%
Frida Kahlo
68%
Michelangelo
59%
Édouard Manet
56%
Edward Munch
51%
Raphael
51%
Gustav Klimt
38%
Pierre-Auguste Renoir
38%
Paul Gauguin
37%
Diego Rivera
36%
Johannes Vermeer
34%
Henri Matisse
32%
Georges Braque
24%
Jacques-Louis David
22%
Artemisia Lomi Gentileschi
21%
Pieter Bruegel the Elder
21%

Score Distribution

Percentile by Number Answered

Percent of People with Each Score

Your Score History

You have not taken this quiz